Normal view
MARC view
- Zia, Nabeeha
Entry Personal Name
001 - CONTROL NUMBER
- control field: 122984
003 - CONTROL NUMBER IDENTIFIER
- control field: NUST
005 - DATE AND TIME OF LATEST TRANSACTION
- control field: 20240528132323.0
008 - FIXED-LENGTH DATA ELEMENTS
- fixed length control field: 240528|| aca||aabn | a|a d
040 ## - CATALOGING SOURCE
- Original cataloging agency: NUST
- Transcribing agency: NUST
100 ## - HEADING--PERSONAL NAME
- Personal name: Zia, Nabeeha
670 ## - SOURCE DATA FOUND
- Source citation: Work cat.: (NUST): Zia, Nabeeha, Green Human Resource Management Practices and Covid 19: How Do Organizations Respond?/
